Normal view
MARC view
Entry Término temático
001 - NÚMERO DE CONTROL
- campo de control: 27636
003 - IDENTIFICADOR DEL NÚMERO DE CONTROL
- campo de control: FranzMayer
005 - FECHA Y HORA DE LA ÚLTIMA TRANSACCIÓN
- campo de control: 20190320211326.0
008 - DATOS DE LONGITUD FIJA
- campo de control de longitud fija: 190320|| aca||aabn | a|a d
040 ## - FUENTE DE LA CATALOGACIÓN
- Centro catalogador/agencia de origen: FranzMayer
- Centro/agencia transcriptor: FranzMayer
150 ## - ENCABEZAMIENTO--TÉRMINO DE MATERIA
- Término de materia o nombre geográfico como elemento de entrada: Mitología indígena
- Subdivisión de forma: Congresos
- Subdivisión geográfica: México
670 ## - FUENTE DE DATOS ENCONTRADOS
- Cita de la fuente: Work cat.: (FranzMayer): Coloquio de Historia de la Religión en Mesoamérica y Areas Afines (II 2-4 septiembre 1986 Unidad de Seminarios Ignacio Chávez) 27635, Historia de la religión en Mesoamérica y áreas afines, 1990